| 000 | 00488nam a2200169Ia 4500 | ||
|---|---|---|---|
| 008 | 180921t2018 xxu||||| |||| 00| 1 sin d | ||
| 041 | _asin | ||
| 080 |
_aX8C31 _bRAJ |
||
| 100 | _aRajapaksha, Nadeeka Darshani | ||
| 245 | _aනෙතුපුල් විලේ හසරැල් පිපී | ||
| 246 | _aNethupul Vile Hasarel Pipee | ||
| 260 |
_bThara Prakashana _aRagama _c2018 |
||
| 300 | _a240p., 21cm | ||
| 942 | _cBK | ||
| 999 |
_c8094 _d8094 |
||
| 003 | LK-CoDNM | ||
| 040 |
_aLK-CoDNM _dLK-CoDNM _eLK-CoDNM |
||